Estatísticas para Trindade e Tobago

Clique aqui para jogar o quiz

Estatísticas Gerais

  • Esse quiz foi jogado 6 vezes
  • A pontuação média é 6 de 13

Estatísticas das Respostas

HintResposta% Correto
Em que oceano fica?Atlântico
100%
Qual é o seu idioma?Inglês
100%
Qual é a sua capital?Porto de Espanha
100%
Onde fica?América do Sul
83%
Em que mar fica o país?Mar das Caraíbas
83%
De que país é independente?Reino Unido
83%
Com que país faz fronteira a Nordeste?Barbados
33%
Qual é o desporto mais popular?Críquete
33%
Qual é a sua moeda?Dólar de Trindade e Tobago
17%
Qual é a sua cidade mais populosa?Chaguanas
0%
Com que país faz fronteira a Sul?Granada
0%
Que cantora famosa nasceu no país?Nicki Minaj
0%
Qual é o seu código ISO?TTO
0%

Distribuição das Pontuações

Percentil de Números Respondidos

Porcentagem de Pessoas com Cada Pontuação

Sua Pontuação Histórica

Você não jogou esse quiz